000 00229nam a2200097Ia 4500
008 230915s9999 xx 000 0 und d
050 _aHB171.W36.1979
100 _aJUDE WANNISKI
245 4 _aTHE WAY, THE WORLD WORKS
942 _cBK
999 _c61119
_d61119